000 00462cam a2200157ua 4500
041 _aeng
_h
082 _a028.74627
_bVAR/CO
100 _aVarma, C.V.J.
245 0 0 _aConference on hydropower development: Issues, challanges and opportunities /
_cC V J Varma.
_hTextual Documents
250 _a1 /
_b.
260 _aNew Delhi :
_bCentral Board of Irrigation and Power (CBIP) ,
_c1997.
300 _a253 ; .
504 _a
942 _cBK
999 _c5471
_d5471